Länder, die größer sind als Deutschland - Sudden Death - Statistiken

Allgemein
  • Dieses Quiz wurde 384 mal gespielt
  • Das Durchschnittsergebnis liegt bei 4 aus 12
Answers on the Grid
Answers color-coded by a green-red scale on the quiz's grid according to % correct below.
Italien🇮🇹
Polen🇵🇱
Philippinen🇵🇭
Finnland🇫🇮
Vereinigtes Königreich🇬🇧
Portugal🇵🇹
Rumänien🇷🇴
Guyana🇬🇾
Ghana🇬🇭
Belarus🇧🇾
Ecuador🇪🇨
Schweden🇸🇪
Norwegen🇳🇴
Ukraine🇺🇦
Spanien🇪🇸
Frankreich🇫🇷
Türkei🇹🇷
Vietnam🇻🇳
Thailand🇹🇭
Irak🇮🇶
Marokko🇲🇦
Paraguay🇵🇾
Usbekistan🇺🇿
Turkmenistan🇹🇲
 
Antwortstatistiken
Antwort % Korrekt
Ukraine🇺🇦
62%
Frankreich🇫🇷
61%
Türkei🇹🇷
52%
Spanien🇪🇸
40%
Schweden🇸🇪
39%
Usbekistan🇺🇿
26%
Marokko🇲🇦
23%
Irak🇮🇶
21%
Norwegen🇳🇴
18%
Turkmenistan🇹🇲
18%
Thailand🇹🇭
16%
Paraguay🇵🇾
9%
Keine übereinstimmenden Quizze gefunden
Verteilung der Resultate
Anzahl Personen mit jedem Resultat
Perzentil nach korrekt beantworteten Fragen
Ihre Resultats-Entwicklung
Sie haben dieses Quiz noch nicht gespielt